000 00610nam a22002297a 4500
003 UA-OsUOA
001 90362
007 ta
008 20121116b un ||||| |||| 00| 0 ukr d
100 _aМаксимов Н.
090 _a821.161.1
_bМ17
942 _cBK
040 _aUA-OsUOA
_brus
_cUA-OsUOA
_dUA-OsUOA
245 _aШаровая молния
_bстихи
300 _a95 с.
955 _a3
041 _arus
080 _a821.161.1
260 _aМ.
_bСоветская Россия
_c1970
650 7 _a82 Література. Літературознавство
_2UDC
999 _c376308
_d376308